Načítá se...
Beyond the boundaries of Bollywood : the many forms of Hindi cinema /
Papers presented at a seminar on Cinemas of India held in Abu Dhabi in November 2008 on Hindi cinema and interviews with celebrities from the film world.
| Médium: | Printed Book |
|---|---|
| Jazyk: | English |
| Vydáno: |
New Delhi :
Oxford University Press,
2011.
|
| Edice: | South Asian cinema
|
| Témata: | |
| On-line přístup: | http://www.loc.gov/catdir/enhancements/fy1312/2011311079-t.html http://www.loc.gov/catdir/enhancements/fy1312/2011311079-b.html http://www.loc.gov/catdir/enhancements/fy1312/2011311079-d.html |
| LEADER | 01619cam a2200337 i 4500 | ||
|---|---|---|---|
| 008 | 110711s2011 ii b 101 0 eng | ||
| 010 | |a 2011311079 | ||
| 020 | |a 019806926X | ||
| 020 | |a 9780198069263 | ||
| 025 | |a I-E-2011-311079; 99-13 | ||
| 042 | |a lcode |a pcc | ||
| 043 | |a a-ii--- | ||
| 082 | |a 791.430954 | ||
| 245 | 0 | 0 | |a Beyond the boundaries of Bollywood : |b the many forms of Hindi cinema / |c edited by Rachel Dwyer and Jerry Pinto. |
| 260 | |a New Delhi : |b Oxford University Press, |c 2011. | ||
| 300 | |a xx, 280 pages ; |c 23 cm. | ||
| 490 | 0 | |a South Asian cinema | |
| 504 | |a Includes bibliographical references and index. | ||
| 520 | |a Papers presented at a seminar on Cinemas of India held in Abu Dhabi in November 2008 on Hindi cinema and interviews with celebrities from the film world. | ||
| 650 | 0 | |a Motion picture producers and directors |z India |v Interviews. | |
| 650 | 0 | |a Motion pictures |z India |x History |v Congresses. | |
| 700 | 1 | |a Dwyer, Rachel, |e editor of compilation. | |
| 700 | 1 | |a Pinto, Jerry, |e editor of compilation. | |
| 856 | 4 | 1 | |u http://www.loc.gov/catdir/enhancements/fy1312/2011311079-t.html |
| 856 | 4 | 2 | |u http://www.loc.gov/catdir/enhancements/fy1312/2011311079-b.html |
| 856 | 4 | 2 | |u http://www.loc.gov/catdir/enhancements/fy1312/2011311079-d.html |
| 906 | |a 7 |b cbc |c origode |d 3 |e ncip |f 20 |g y-gencatlg | ||
| 942 | |c BK | ||
| 955 | |b wd43 2011-07-11 |c wd34 2011-08-04 to ASME |i cg09 2012-02-01 | ||
| 999 | |c 190076 |d 190076 | ||
| 952 | |0 0 |1 0 |4 0 |6 791_430954000000000_DWY_B |7 0 |9 209572 |a ENG |b ENG |c ST1 |d 2014-08-28 |e Book shop |g 695.00 |i 17619 |l 0 |o 791.430954 DWY/B |p ENG17619 |r 2014-08-28 |w 2018-08-21 |y BK | ||